| 000 | 00962nam a22001937a 4500 | ||
|---|---|---|---|
| 003 | OSt | ||
| 005 | 20251028160751.0 | ||
| 008 | 240404s2022 ag ||||| |||| 00| 0 spa d | ||
| 020 | _a9789874872906 | ||
| 040 | _cbesoc | ||
| 080 | _0004.738.5(82) | ||
| 245 | 0 | 0 |
_aArgentina en Internet : _b 35 años de la creación del dominio .ar / _cAndrea Ramos comp. |
| 260 |
_aBuenos Aires : _bSecretaría Legal y Técnica, _c2022 |
||
| 300 | _a344 p. | ||
| 520 | _aLos textos que integran esta publicación recuperan hitos y aprendizajes, reúnen miradas de personas que dedican horas a explorar estas transformaciones y profundizar los debates más desafiantes, contienen datos duros y relatos que emocionan hasta las lágrimas. Hay lugar para la preocupación y para la risa. Nuestro deseo es encontrar respuestas, pero también que se multipliquen las preguntas. [Nota del editor] | ||
| 651 | 4 |
_aArgentina _xInternet |
|
| 700 | 1 |
_aRamos, Andrea _ecomp. |
|
| 942 |
_2udc _cOG _n0 |
||
| 999 |
_c219 _d219 |
||